000 00523nam a2200169Ia 4500
008 240729s9999 xx 000 0 und d
022 _a1414-431X
245 0 _aBrazilian Journal of Medical and Biological Research
260 _aBrazil
260 _bAssociação Brasileira de Divulgação Científica
650 _a Biology (General)
650 _a Medicine (General) | Science
650 _aMedicine
856 _uhttps://doaj.org/toc/aecacd0d0fb24eae97abf4c5c8f7c07c
942 _2ddc
942 _cDOAJEJ
999 _c66019
_d66019
945 _a1
_bMadushi Gamage
_c1
_dMadushi Gamage